| 000 | 00648nam a2200229Ia 4500 | ||
|---|---|---|---|
| 003 | OSt | ||
| 005 | 20230417114500.0 | ||
| 008 | 210423s2008 xx 000 0 und d | ||
| 020 | _a9781846841132 | ||
| 040 | _cAL | ||
| 041 | _aeng | ||
| 082 | _a823.8 BRID | ||
| 100 |
_aBRINTON (Ian). _989312 |
||
| 245 | _aDickenss great expectations: a readers guide. | ||
| 260 |
_aNew York _bContinuum International _c2008 |
||
| 300 |
_avi,125 _bPB |
||
| 365 |
_b125 _cINR |
||
| 650 |
_aEnglish Fiction _989313 |
||
| 650 |
_aEnglish Literature _989314 |
||
| 906 | _aDickens's ; expectations. ; expectations: ; great ; guide. ; reader | ||
| 942 |
_2ddc _cBK |
||
| 999 |
_c159949 _d159949 |
||